Sports Quiz

Random Sports Quiz

Pro Cyclist Anagrams XV - Women Quiz Stats

 Plays Quiz not verified by Sporcle

Score 0/15 Timer 15:00
0 Plays Today
Anagram Answer % Correct
Vegan Garden BannerAnna van der Breggen
90.9%
Naive RomansMarianne Vos
81.8%
Silk AlienLisa Klein
81.8%
The Jurassic MinerChristine Majerus
63.6%
Irony CarverCoryn Rivera
63.6%
Magnolia HolmesAsleigh Moolman
63.6%
Elite And BenghaziElizabeth Deignan
63.6%
Unreal SerbianLisa Brennauer
54.5%
Anagram Answer % Correct
Let Tokyo PeckLotte Kopecky
54.5%
Taliban MaterialsMarta Bastianelli
45.5%
Lazy Alaska BoeingOlga Zabelinskaya
36.4%
Fail Mine HailEmilia Fahlin
18.2%
Amiga VicarMavi Garcia
9.1%
Linear RaisersArlenis Sierra
9.1%
Yell WaitersTayler Wiles
9.1%

You're not logged in!

Compare scores with friends on all Sporcle quizzes.
OR
Log In

Sporcle TV

Today on Sporcle TV


Watch our educational content, quiz creation guides, and fun videos on Sporcle TV.

Show Comments

Extras

Created Oct 2, 2019ReportNominate
Tags:Cycling

Top Quizzes Today


Score Distribution

Your Account Isn't Verified!

In order to create a playlist on Sporcle, you need to verify the email address you used during registration. Go to your Sporcle Settings to finish the process.

Report this User

Report this user for behavior that violates our Community Guidelines.

Details: